000 00623nam a22001577a 4500
003 OSt
005 20151002103329.0
008 151002b xxu||||| |||| 00| 0 eng d
040 _cRUA
082 _aAVM ប៊ុន 1989 B065 Or.1
100 _91731
_aប៊ុន ធឿន
245 _aភាពរួសនៃមេរោគសាល់ម៉ូណែលឡូស (s. typhi) ចំពោះបណ្តាអង់ទីប៊ីយ៉ូទិច និង​ ស៊ុលហ្វាទីឡាមីតមួយចំនួន
260 _aPhnom Penh
_bRUA
_c1989
300 _a81p.
_bill.
_c29cm.
942 _2ddc
_cAVM
999 _c1632
_d1632